000 00459nam a22001697a 4500
003 OSt
008 240327b |||||||| |||| 00| 0 eng d
020 _a9789351611639
082 _a346.066 KAE
100 _aKAPOOR, N.D.
245 _aElements of Company Law: Including Companies Amendment Act,2019
250 _a31st Reprint ed.
260 _aNew Delhi
_bSultan Chand & Sons Pvt. Ltd.
_c2023
300 _a343 p.
650 _aCommerce
942 _2ddc
_cBK
999 _c12321
_d12321